Countries with the Longest Reigning Leaders - Statistics

General Stats
  • This quiz has been taken 350 times
    261 since last reset
  • The average score is 10 of 23
Answer Stats
Years Country % Correct
17 Russia
83%
34 Iran
64%
15 D.R. Congo
58%
36 Zimbabwe
55%
18 Republic of the Congo
54%
27 Kazakhstan
49%
27 Sudan
48%
16 Syria
48%
25 Chad
46%
23 Tajikistan
46%
22 Belarus
44%
36 Angola
43%
30 Uganda
43%
17 Algeria
41%
41 Cameroon
39%
16 Rwanda
39%
25 Eritrea
37%
37 Equatorial Guinea
34%
31 Cambodia
33%
17 Djibouti
26%
22 Gambia
23%
17 Samoa
9%
15 St. Vincent and the Grenadines
0%
No matching quizzes found
Score Distribution
Percent of People with Each Score
Percentile by Number Answered
Your Score History
You have not taken this quiz since the last reset